[Event "BCF-chT1d 1617 (4NCL) Demotion pool"]
[Site "England"]
[Date "2017.05.01"]
[Round "11.88"]
[White "York Andersen, Anna"]
[Black "Messam Sparks, Lateefah"]
[Result "1-0"]
[WhiteElo "1788"]
[BlackElo "1941"]
[PlyCount "57"]
[EventDate "2016.11.19"]
[EventType "team-tourn"]
[EventRounds "4"]
[EventCountry "ENG"]
[SourceTitle "EXT 2018"]
[Source "ChessBase"]
[SourceDate "2017.10.13"]
[SourceVersion "1"]
[SourceVersionDate "2017.10.13"]
[SourceQuality "1"]
[WhiteTeam "Anglian Avengers"]
[BlackTeam "Kings Head"]
[WhiteTeamCountry "ENG"]
[BlackTeamCountry "ENG"]

1. e4 c5 2. Nf3 e6 3. b3 d5 4. e5 Nc6 5. Bb5 Bd7 6. Bxc6 Bxc6 7. d4 Qc7 8. Be3 b6 9. 0-0 Nh6 10. Bxh6 gxh6 11. c3 0-0-0 12. a4 Rg8 13. Na3 Be7 14. Nb5 Qb7 15. Nd6+ Bxd6 16. exd6 f6 17. a5 Qg7 18. g3 Rxd6 19. axb6 axb6 20. Qe2 Re8 21. Ra3 Qg6 22. dxc5 Rd7 23. Nd4 Bb7 24. c6 Rc7 25. cxb7+ Rxb7 26. Qb5 Kd8 27. Qc6 Rb8 28. Qd6+ Kc8 29. Ra7 1-0

[Event "Crawley e2e4 Gatwick op"]
[Site "Crawley"]
[Date "2016.02.20"]
[Round "2"]
[White "Messam Sparks, Lateefah"]
[Black "Seymour, Timothy P"]
[Result "0-1"]
[WhiteElo "1947"]
[BlackElo "2068"]
[PlyCount "98"]
[EventDate "2016.02.19"]
[EventType "swiss"]
[EventRounds "5"]
[EventCountry "ENG"]
[SourceTitle "CBM 171 Extra"]
[Source "ChessBase"]
[SourceDate "2016.04.26"]
[SourceVersion "1"]
[SourceVersionDate "2016.04.26"]
[SourceQuality "1"]

1. d4 Nf6 2. c4 e6 3. Nc3 Bb4 4. Qc2 0-0 5. a3 Bxc3+ 6. Qxc3 b6 7. f3 d5 8. e3 Ba6 9. b4 dxc4 10. Bxc4 c5 11. b5 cxd4 12. exd4 Bb7 13. Ne2 Nd5 14. Qd3 Qh4+ 15. g3 Qf6 16. h4 Qd8 17. Bb3 Nd7 18. Bc2 g6 19. h5 Qf6 20. g4 Rac8 21. Bh6 Rfe8 22. 0-0 Rxc2 23. Qxc2 g5 24. Bxg5 Qxg5 25. Qc1 Qe3+ 26. Rf2 Rc8 27. Qb2 Nf4 28. Nxf4 Qxf4 29. Raf1 Nf6 30. Qd2 Nd5 31. Re2 Rc3 32. Qxf4 Nxf4 33. Ra2 Bd5 34. Raa1 Rc2 35. a4 Ne2+ 36. Kf2 Nxd4+ 37. Ke3 Nb3 38. Ra3 Kg7 39. Kf4 Rc4+ 40. Kg3 Rd4 41. Re1 Rd3 42. Rf1 e5 43. g5 e4 44. Kf4 Rxf3+ 45. Rxf3 exf3 46. Ra2 Nc5 47. Rd2 f2 48. h6+ Kg6 49. Rd1 Bc4 0-1

[Event "BCF-chT1a 1415 (4NCL)"]
[Site "England"]
[Date "2015.01.11"]
[Round "4.116"]
[White "Kilpatrick, Callum"]
[Black "Messam Sparks, Lateefah"]
[Result "1-0"]
[WhiteElo "2350"]
[BlackElo "1951"]
[PlyCount "51"]
[EventDate "2014.11.15"]
[EventType "team-swiss"]
[EventRounds "11"]
[EventCountry "ENG"]
[SourceTitle "EXT 2016"]
[Source "ChessBase"]
[SourceDate "2015.10.08"]
[SourceVersion "1"]
[SourceVersionDate "2015.10.08"]
[SourceQuality "1"]
[WhiteTeam "Guildford II"]
[BlackTeam "Wood Green"]
[WhiteTeamCountry "ENG"]
[BlackTeamCountry "ENG"]

1. e4 c5 2. Nf3 e6 3. g3 Nc6 4. Bg2 d6 5. 0-0 Nf6 6. Qe2 Be7 7. c3 0-0 8. d4 d5 9. e5 Ne4 10. Be3 Bd7 11. dxc5 Bxc5 12. Bxc5 Nxc5 13. Rd1 Qc7 14. Na3 a6 15. c4 d4 16. Rd2 Rfd8 17. Nc2 d3 18. Qe3 dxc2 19. Qxc5 b6 20. Qe3 Nb4 21. a3 Qxc4 22. Rd4 Qa2 23. Rxa2 Nxa2 24. Rc4 Ba4 25. Nd4 b5 26. Rxc2 1-0

[Event "Wch U20 Girls 30th"]
[Site "Athens"]
[Date "2012.08.02"]
[Round "1"]
[White "Kovacs, Klara"]
[Black "Messam Sparks, Lateefah"]
[Result "1-0"]
[WhiteElo "2181"]
[BlackElo "1947"]
[PlyCount "47"]
[EventDate "2012.08.02"]
[EventType "swiss"]
[EventRounds "13"]
[EventCountry "GRE"]
[SourceTitle "CBM 149 Extra"]
[Source "ChessBase"]
[SourceDate "2012.08.24"]
[SourceVersion "1"]
[SourceVersionDate "2012.08.24"]
[SourceQuality "1"]

1. e4 c5 2. Nf3 e6 3. d4 cxd4 4. Nxd4 Nf6 5. Nc3 d6 6. g4 Be7 7. g5 Nfd7 8. h4 Nc6 9. Be3 a6 10. Rg1 Nf8 11. f4 Qc7 12. a4 h6 13. Qd2 hxg5 14. hxg5 Bd7 15. 0-0-0 0-0-0 16. Rg3 Kb8 17. Bg1 Na5 18. Nf5 exf5 19. Nd5 Nc4 20. Bxc4 Qxc4 21. Rc3 Qxa4 22. Qf2 Bc6 23. Qa7+ Kc8 24. Nb6+ 1-0

[Event "BCF-chTc 1112 (4NCL)"]
[Site "England"]
[Date "2012.04.01"]
[Round "8.18"]
[White "Messam Sparks, Lateefah"]
[Black "Lalic, Bogdan"]
[Result "0-1"]
[WhiteElo "1962"]
[BlackElo "2469"]
[PlyCount "60"]
[EventDate "2011.11.12"]
[EventType "team-swiss"]
[EventRounds "11"]
[EventCountry "ENG"]
[SourceTitle "EXT 2013"]
[Source "ChessBase"]
[SourceDate "2012.11.22"]
[SourceVersion "1"]
[SourceVersionDate "2012.11.22"]
[SourceQuality "1"]
[WhiteTeam "White Rose"]
[BlackTeam "Wood Green Hilsmark"]
[WhiteTeamCountry "ENG"]
[BlackTeamCountry "ENG"]

1. d4 Nf6 2. c4 g6 3. Nc3 d5 4. e3 Bg7 5. Nf3 0-0 6. Bd2 c5 7. dxc5 Na6 8. cxd5 Nxc5 9. Bc4 a6 10. a4 Nfe4 11. 0-0 Bg4 12. Be1 Rc8 13. Be2 Nxc3 14. Bxc3 Bxc3 15. bxc3 Ne4 16. c4 Bxf3 17. Bxf3 Nd6 18. Qb3 Rxc4 19. e4 Qc7 20. Rfe1 f6 21. h4 Qc5 22. Qe3 Qxe3 23. Rxe3 Rfc8 24. Ree1 R8c5 25. h5 Kf7 26. hxg6+ hxg6 27. Kh2 Ra5 28. e5 fxe5 29. Bd1 Kf6 30. g3 Rc3 0-1

[Event "BCF-chTb 1112 (4NCL)"]
[Site "England"]
[Date "2012.02.11"]
[Round "5.58"]
[White "Messam Sparks, Lateefah"]
[Black "Miranda Gonzalez, Nicole"]
[Result "0-1"]
[WhiteElo "1962"]
[BlackElo "2027"]
[PlyCount "120"]
[EventDate "2011.11.12"]
[EventType "team-tourn"]
[EventRounds "7"]
[EventCountry "ENG"]
[SourceTitle "EXT 2013"]
[Source "ChessBase"]
[SourceDate "2012.11.22"]
[SourceVersion "1"]
[SourceVersionDate "2012.11.22"]
[SourceQuality "1"]
[WhiteTeam "White Rose"]
[BlackTeam "Oxford"]
[WhiteTeamCountry "ENG"]
[BlackTeamCountry "ENG"]

1. d4 d5 2. c4 c6 3. Nc3 Nf6 4. cxd5 cxd5 5. Nf3 Nc6 6. e3 a6 7. h3 e6 8. a3 Bd6 9. Bd3 0-0 10. Bb1 e5 11. dxe5 Nxe5 12. Nd4 Bd7 13. 0-0 Rc8 14. Qb3 Nc4 15. Nf5 Be6 16. Nxd6 Qxd6 17. Qd1 Rfd8 18. Qd4 Ne5 19. Rd1 Rc4 20. Qd2 Bxh3 21. f4 Nf3+ 22. gxf3 d4 23. Ne4 Nxe4 24. Bxe4 f5 25. Bd3 Qg6+ 26. Kh1 Rc6 27. Qh2 Qh5 28. Be2 d3 29. Rd2 Rh6 30. Kg1 Rg6+ 31. Kh1 Rg2 32. Qxg2 Bxg2+ 33. Kxg2 Qg6+ 34. Kf2 Qf6 35. Bxd3 Qh4+ 36. Ke2 Qh2+ 37. Kd1 Qg1+ 38. Kc2 Rc8+ 39. Kb3 Rxc1 40. Rxc1 Qxc1 41. Bc4+ Kf8 42. Rd8+ Ke7 43. Rb8 Qd1+ 44. Ka2 Qxf3 45. Rg8 Qg2 46. Rc8 b5 47. Bb3 h6 48. Rc5 g6 49. Re5+ Kd7 50. Re6 a5 51. Re5 a4 52. Bf7 Qe2 53. Be8+ Kd6 54. Bxb5 Qc2 55. Be8 g5 56. Bf7 g4 57. Re6+ Kc5 58. Rxh6 g3 59. Rh8 Qf2 60. Rc8+ Kd6 0-1

[Event "BCF-chTb 1112 (4NCL)"]
[Site "England"]
[Date "2011.11.13"]
[Round "2.8"]
[White "Smith, Brian"]
[Black "Messam Sparks, Lateefah"]
[Result "0-1"]
[WhiteElo "1768"]
[BlackElo "1962"]
[PlyCount "63"]
[EventDate "2011.11.12"]
[EventType "team-tourn"]
[EventRounds "7"]
[EventCountry "ENG"]
[SourceTitle "EXT 2013"]
[Source "ChessBase"]
[SourceDate "2012.11.22"]
[SourceVersion "1"]
[SourceVersionDate "2012.11.22"]
[SourceQuality "1"]
[WhiteTeam "Wood Green Hilsmark II"]
[BlackTeam "White Rose"]
[WhiteTeamCountry "ENG"]
[BlackTeamCountry "ENG"]

1. d4 d5 2. c4 c6 3. Nc3 Nf6 4. e3 Bf5 5. Bd3 Bxd3 6. Qxd3 e6 7. Nf3 Nbd7 8. 0-0 Be7 9. e4 dxe4 10. Nxe4 Nxe4 11. Qxe4 Nf6 12. Qe2 0-0 13. b3 Nd7 14. Bb2 Bf6 15. Ne5 Re8 16. Rfd1 Qc7 17. Rd3 Rad8 18. Rad1 a5 19. h3 b6 20. f4 Nf8 21. Qf3 Rc8 22. Qg4 Ng6 23. Qf3 Red8 24. Qf2 Ra8 25. Qf3 Rac8 26. g3 Be7 27. f5 exf5 28. Qxf5 Bf6 29. Re1 Re8 30. Rf3 Red8 31. Re2 Qd6 32. Kf2 0-1

[Event "BCF-chTb 1112 (4NCL)"]
[Site "England"]
[Date "2011.11.12"]
[Round "1.8"]
[White "Messam Sparks, Lateefah"]
[Black "Summerscale, Claire"]
[Result "1/2-1/2"]
[WhiteElo "1962"]
[BlackElo "1981"]
[PlyCount "55"]
[EventDate "2011.11.12"]
[EventType "team-tourn"]
[EventRounds "7"]
[EventCountry "ENG"]
[SourceTitle "EXT 2013"]
[Source "ChessBase"]
[SourceDate "2012.11.22"]
[SourceVersion "1"]
[SourceVersionDate "2012.11.22"]
[SourceQuality "1"]
[WhiteTeam "White Rose"]
[BlackTeam "Jutes of Kent"]
[WhiteTeamCountry "ENG"]
[BlackTeamCountry "ENG"]

1. d4 d5 2. c4 e6 3. Nc3 Nf6 4. Nf3 c5 5. cxd5 exd5 6. Bg5 Be7 7. dxc5 Qa5 8. Qd2 Nbd7 9. e3 a6 10. Nd4 Nxc5 11. Rc1 0-0 12. Be2 Rd8 13. 0-0 Ne6 14. Bh4 Ne4 15. Nxe4 Qxd2 16. Nxd2 Nxd4 17. exd4 Bxh4 18. Nf3 Be7 19. Ne5 Bd6 20. Nd3 Be6 21. Nc5 Rab8 22. Rfe1 Bxc5 23. Rxc5 Rbc8 24. Rec1 Rxc5 25. Rxc5 Rc8 26. Rxc8+ Bxc8 27. Bf3 Be6 28. Kf1 1/2-1/2

[Event "BCF-chT1c 1011 (4NCL) Promotion pool"]
[Site "England"]
[Date "2011.05.01"]
[Round "10.14"]
[White "Messam Sparks, Lateefah"]
[Black "Steil Antoni, Fiona"]
[Result "1-0"]
[WhiteElo "1909"]
[BlackElo "2117"]
[PlyCount "113"]
[EventDate "2010.11.06"]
[EventType "team-tourn"]
[EventRounds "4"]
[EventCountry "ENG"]
[SourceTitle "EXT 2012"]
[Source "ChessBase"]
[SourceDate "2011.11.24"]
[SourceVersion "1"]
[SourceVersionDate "2011.11.24"]
[SourceQuality "1"]
[WhiteTeam "White Rose"]
[BlackTeam "Cheddleton"]
[WhiteTeamCountry "ENG"]
[BlackTeamCountry "ENG"]

1. d4 Nf6 2. c4 e6 3. Nc3 Bb4 4. Qc2 d5 5. cxd5 exd5 6. Bd2 0-0 7. e3 c6 8. Bd3 Nbd7 9. Nge2 Re8 10. f3 Nf8 11. 0-0 Ng6 12. Kh1 Ba5 13. e4 dxe4 14. fxe4 Bb6 15. e5 Ng4 16. Bc4 Rf8 17. Ne4 Bxd4 18. Bxf7+ Rxf7 19. Rxf7 Kxf7 20. Nd6+ Kf8 21. Nxd4 N4xe5 22. Nxc8 Qxc8 23. Qb3 Ke7 24. Nf5+ Kd7 25. Nxg7 b6 26. Qh3+ Kc7 27. Qxh7 Qd7 28. Ne6+ Kb7 29. Qxd7+ Nxd7 30. Bc3 Rg8 31. Rf1 Nge5 32. h3 Rg6 33. Nf8 Nxf8 34. Rxf8 Nd3 35. Rf7+ Ka6 36. a3 c5 37. Rf3 Nc1 38. g4 Rd6 39. Kg2 Re6 40. Rf2 Nd3 41. Rf3 c4 42. Kf1 Kb5 43. g5 Ka4 44. Rg3 Nf4 45. Rg4 Nxh3 46. Rxc4+ Kb5 47. Rg4 Nxg5 48. Rxg5+ Kc4 49. Re5 Rh6 50. Ke2 b5 51. Kd2 a6 52. Kc2 Rh2+ 53. Bd2 Kd4 54. Rg5 Kc4 55. b3+ Kd4 56. Rg6 a5 57. Ra6 1-0

[Event "BCF-chT1b 1011 (4NCL)"]
[Site "England"]
[Date "2011.02.20"]
[Round "6"]
[White "Messam Sparks, Lateefah"]
[Black "Thomassen, Joachim"]
[Result "0-1"]
[WhiteElo "1917"]
[BlackElo "2418"]
[PlyCount "74"]
[EventDate "2010.11.06"]
[EventType "team-tourn"]
[EventRounds "7"]
[EventCountry "ENG"]
[SourceTitle "EXT 2012"]
[Source "ChessBase"]
[SourceDate "2011.11.24"]
[SourceVersion "1"]
[SourceVersionDate "2011.11.24"]
[SourceQuality "1"]
[WhiteTeam "White Rose"]
[BlackTeam "Hilsmark Kingfisher"]
[WhiteTeamCountry "ENG"]
[BlackTeamCountry "ENG"]

1. d4 Nf6 2. c4 g6 3. Nc3 Bg7 4. e4 d6 5. Bd3 Nbd7 6. Nf3 0-0 7. 0-0 e5 8. dxe5 dxe5 9. h3 c6 10. Be3 Qe7 11. Qe2 Nh5 12. Qc2 Nc5 13. Ne2 f5 14. Bxc5 Qxc5 15. Nd2 f4 16. Kh2 Qe7 17. g3 Bd7 18. c5 Kh8 19. b4 Rf6 20. Ng1 Bh6 21. Nc4 Raf8 22. Rad1 Bg5 23. Qb2 Kg8 24. Nxe5 fxg3+ 25. fxg3 Rxf1 26. Bxf1 Nxg3 27. Rxd7 Nxf1+ 28. Kh1 Qe6 29. Rxb7 Bf6 30. Ngf3 Qxh3+ 31. Kg1 Qxf3 32. Nxf3 Bxb2 33. Kxf1 Rxf3+ 34. Ke2 Ra3 35. Rc7 Bc3 36. Rxc6 Bxb4 37. Rc8+ Kf7 0-1

[Event "Gibraltar Masters 9th"]
[Site "Caleta"]
[Date "2011.02.01"]
[Round "8"]
[White "Schweizer, Manfred"]
[Black "Messam Sparks, Lateefah"]
[Result "1-0"]
[WhiteElo "2075"]
[BlackElo "1904"]
[PlyCount "61"]
[EventDate "2011.01.25"]
[EventType "swiss"]
[EventRounds "10"]
[EventCountry "GGB"]
[SourceTitle "CBM 141"]
[Source "ChessBase"]
[SourceDate "2011.03.17"]
[SourceVersion "1"]
[SourceVersionDate "2011.03.17"]
[SourceQuality "1"]

1. Nf3 Nf6 2. g3 d5 3. Bg2 c6 4. d3 g6 5. Nbd2 Bg7 6. 0-0 0-0 7. e4 dxe4 8. dxe4 Re8 9. Qe2 e5 10. Rd1 Qc7 11. Nc4 Bd7 12. a4 Bg4 13. b4 Nbd7 14. h3 Bxf3 15. Bxf3 Bf8 16. c3 b5 17. Ne3 bxa4 18. Rxa4 a5 19. Qc2 axb4 20. cxb4 Rab8 21. Nd5 Qb7 22. Nxf6+ Nxf6 23. Bg5 Nd7 24. Qa2 Qc8 25. Bg4 Rb7 26. Qd2 Re6 27. Bxe6 fxe6 28. Qa2 Qe8 29. Ra8 Qf7 30. Bh6 Qe7 31. Rxd7 1-0

[Event "Gibraltar Masters 9th"]
[Site "Caleta"]
[Date "2011.01.30"]
[Round "6"]
[White "Henriksson, Johan"]
[Black "Messam Sparks, Lateefah"]
[Result "1/2-1/2"]
[WhiteElo "2243"]
[BlackElo "1904"]
[PlyCount "46"]
[EventDate "2011.01.25"]
[EventType "swiss"]
[EventRounds "10"]
[EventCountry "GGB"]
[SourceTitle "CBM 141"]
[Source "ChessBase"]
[SourceDate "2011.03.17"]
[SourceVersion "1"]
[SourceVersionDate "2011.03.17"]
[SourceQuality "1"]

1. d4 d5 2. Nf3 Nf6 3. g3 Bf5 4. Bg2 c6 5. 0-0 h6 6. c4 e6 7. Nc3 Be7 8. Qb3 Qb6 9. c5 Qxb3 10. axb3 Na6 11. Ne1 0-0 12. f4 Rfd8 13. Be3 Ng4 14. Bf2 Nxf2 15. Rxf2 Nxc5 16. dxc5 Bxc5 17. Nf3 Bc2 18. Nd2 Be3 19. Rc1 Bf5 20. Rd1 Bc2 21. Rc1 Bf5 22. Rd1 Bc2 23. Rc1 Bf5 1/2-1/2

[Event "Gibraltar Masters 9th"]
[Site "Caleta"]
[Date "2011.01.28"]
[Round "4"]
[White "Dougherty, Michael J"]
[Black "Messam Sparks, Lateefah"]
[Result "1-0"]
[WhiteElo "2183"]
[BlackElo "1904"]
[PlyCount "67"]
[EventDate "2011.01.25"]
[EventType "swiss"]
[EventRounds "10"]
[EventCountry "GGB"]
[SourceTitle "CBM 141"]
[Source "ChessBase"]
[SourceDate "2011.03.17"]
[SourceVersion "1"]
[SourceVersionDate "2011.03.17"]
[SourceQuality "1"]

1. d4 d5 2. Nf3 e6 3. c4 Be7 4. Nc3 Nf6 5. e3 c6 6. Bd3 0-0 7. 0-0 dxc4 8. Bxc4 b5 9. Bd3 b4 10. Na4 Nbd7 11. e4 h6 12. Qe2 Re8 13. b3 Bb7 14. Rd1 Qc7 15. Bb2 Nb6 16. Nc5 Bxc5 17. dxc5 Nbd7 18. Rac1 e5 19. Nh4 Qa5 20. Qc2 Ba6 21. Nf5 Bxd3 22. Rxd3 Qa6 23. Rcd1 Nf8 24. Rd6 N8h7 25. f3 Qb5 26. Bc1 a5 27. Qf2 Kh8 28. h4 a4 29. g4 axb3 30. axb3 Rg8 31. g5 Ne8 32. Rd7 f6 33. Ne7 fxg5 34. Ng6# 1-0

[Event "BCF-chT1b 1011 (4NCL)"]
[Site "England"]
[Date "2011.01.16"]
[Round "4.16"]
[White "Chevannes, Sabrina"]
[Black "Messam Sparks, Lateefah"]
[Result "1/2-1/2"]
[WhiteElo "2074"]
[BlackElo "1917"]
[PlyCount "29"]
[EventDate "2010.11.06"]
[EventType "team-tourn"]
[EventRounds "7"]
[EventCountry "ENG"]
[SourceTitle "EXT 2012"]
[Source "ChessBase"]
[SourceDate "2011.11.24"]
[SourceVersion "1"]
[SourceVersionDate "2011.11.24"]
[SourceQuality "1"]
[WhiteTeam "Cambridge"]
[BlackTeam "White Rose"]
[WhiteTeamCountry "ENG"]
[BlackTeamCountry "ENG"]

1. d4 d5 2. Nf3 e6 3. Bf4 Bd6 4. Bg3 Nf6 5. e3 Ne4 6. Bxd6 Qxd6 7. c3 Nd7 8. Nbd2 Nxd2 9. Qxd2 Nf6 10. Bd3 c5 11. 0-0 0-0 12. Ne5 c4 13. Bc2 Nd7 14. Nxd7 Bxd7 15. e4 1/2-1/2

[Event "Hastings Masters op 86th"]
[Site "Hastings"]
[Date "2011.01.05"]
[Round "9"]
[White "De Coverly, Roger D"]
[Black "Messam Sparks, Lateefah"]
[Result "1-0"]
[WhiteElo "2091"]
[BlackElo "1917"]
[PlyCount "81"]
[EventDate "2010.12.28"]
[EventType "swiss"]
[EventRounds "9"]
[EventCountry "ENG"]
[SourceTitle "CBM 140 Extra"]
[Source "ChessBase"]
[SourceDate "2011.03.01"]
[SourceVersion "1"]
[SourceVersionDate "2011.03.01"]
[SourceQuality "1"]

1. e4 c5 2. Nf3 d6 3. d4 cxd4 4. Nxd4 Nf6 5. Nc3 e6 6. f4 Be7 7. Be2 Nc6 8. Be3 a6 9. a4 Bd7 10. Nb3 Na5 11. Nxa5 Qxa5 12. 0-0 0-0 13. Qe1 Kh8 14. Qg3 Bc6 15. Bd3 e5 16. fxe5 dxe5 17. Kh1 Nd7 18. Qh3 Nc5 19. Bxc5 Qxc5 20. Qh5 f6 21. Nd5 Be8 22. Qe2 Bf7 23. Ne3 Be6 24. Nf5 Rac8 25. b4 Qc7 26. Rab1 Rf7 27. Ne3 Rd8 28. c4 Bf8 29. Nd5 Qd7 30. a5 Bxd5 31. exd5 g6 32. c5 Bg7 33. d6 f5 34. b5 axb5 35. Bxb5 Qc8 36. Qc4 Rff8 37. a6 Qa8 38. axb7 Qxb7 39. c6 Qa8 40. d7 e4 41. c7 1-0

[Event "Hastings Masters op 86th"]
[Site "Hastings"]
[Date "2010.12.30"]
[Round "3"]
[White "Messam Sparks, Lateefah"]
[Black "Royset, Pal"]
[Result "0-1"]
[WhiteElo "1917"]
[BlackElo "2171"]
[PlyCount "64"]
[EventDate "2010.12.28"]
[EventType "swiss"]
[EventRounds "9"]
[EventCountry "ENG"]
[SourceTitle "CBM 140 Extra"]
[Source "ChessBase"]
[SourceDate "2011.03.01"]
[SourceVersion "1"]
[SourceVersionDate "2011.03.01"]
[SourceQuality "1"]

1. d4 d5 2. c4 e6 3. Nc3 Be7 4. Nf3 Nf6 5. e3 0-0 6. Be2 dxc4 7. Bxc4 a6 8. 0-0 b5 9. Be2 Bb7 10. Ne5 c5 11. Bf3 Qc7 12. Bxb7 Qxb7 13. dxc5 Bxc5 14. a3 Qc7 15. Nf3 Nbd7 16. Bd2 Rac8 17. Rc1 Qb8 18. b4 Bd6 19. h3 Nb6 20. Rc2 Rfd8 21. Qe2 Rc4 22. Rcc1 Qb7 23. Nb1 Ne4 24. Rxc4 Nxc4 25. Bc1 Qd5 26. Kh1 Bg3 27. Kg1 Bc7 28. Re1 Qd6 29. g3 f5 30. Qc2 Qd5 31. Nd4 Bb6 32. Ne2 Ng5 0-1

[Event "London Classic (Women)"]
[Site "London"]
[Date "2010.12.13"]
[Round "7"]
[White "Messam Sparks, Lateefah"]
[Black "Hoare, Amy B"]
[Result "0-1"]
[WhiteElo "1917"]
[BlackElo "1921"]
[PlyCount "128"]
[EventDate "2010.12.06"]
[EventType "tourn"]
[EventRounds "9"]
[EventCountry "ENG"]
[SourceTitle "CBM 139 Extra"]
[Source "ChessBase"]
[SourceDate "2011.01.05"]
[SourceVersion "1"]
[SourceVersionDate "2011.01.05"]
[SourceQuality "1"]

1. d4 Nf6 2. c4 g6 3. Nc3 d5 4. cxd5 Nxd5 5. e4 Nxc3 6. bxc3 Bg7 7. Bc4 c5 8. Ne2 0-0 9. 0-0 Nc6 10. Be3 cxd4 11. cxd4 Bd7 12. Rb1 Na5 13. Bd3 b6 14. Qd2 Bc6 15. Bh6 Rc8 16. Bxg7 Kxg7 17. f4 Bb7 18. f5 Nc4 19. Qf4 f6 20. Rb4 Ne5 21. dxe5 Qxd3 22. Nd4 g5 23. Ne6+ Kg8 24. Qg4 Qe3+ 25. Kh1 Rf7 26. Rd4 Ba6 27. Rfd1 Be2 28. Rd8+ Rf8 29. Rxf8+ Rxf8 30. Re1 Bxg4 31. Rxe3 Rc8 32. h3 Bh5 33. exf6 exf6 34. Ra3 a5 35. Rb3 Rb8 36. Rb2 Bf7 37. Nc5 Be8 38. Kg1 Kf7 39. Ne6 Bd7 40. Nd4 b5 41. Kf2 b4 42. Rc2 Ke7 43. Nc6+ Bxc6 44. Rxc6 a4 45. Rc2 b3 46. axb3 axb3 47. Rb2 Kd6 48. Ke3 Kc5 49. e5 fxe5 50. f6 Kd6 51. Ke4 Ke6 52. f7 Rb4+ 53. Kd3 Kxf7 54. Kc3 Rb7 55. Rf2+ Ke6 56. Rb2 Kd5 57. Rd2+ Kc5 58. Rb2 e4 59. g3 Rb4 60. g4 Rc4+ 61. Kd2 Kb4 62. Rb1 Rc2+ 63. Ke3 Rc4 64. Kd2 Rc3 0-1

[Event "BCF-chT1b 1011 (4NCL)"]
[Site "England"]
[Date "2010.11.07"]
[Round "2.16"]
[White "Messam Sparks, Lateefah"]
[Black "Grigoryan, Meri"]
[Result "1-0"]
[WhiteElo "1917"]
[BlackElo "2064"]
[PlyCount "63"]
[EventDate "2010.11.06"]
[EventType "team-tourn"]
[EventRounds "7"]
[EventCountry "ENG"]
[SourceTitle "CBM 139 Extra"]
[Source "ChessBase"]
[SourceDate "2011.01.05"]
[SourceVersion "1"]
[SourceVersionDate "2011.01.05"]
[SourceQuality "1"]
[WhiteTeam "White Rose"]
[BlackTeam "Guildford"]
[WhiteTeamCountry "ENG"]
[BlackTeamCountry "ENG"]

1. d4 d5 2. c4 Nc6 3. e3 Nf6 4. Nc3 g6 5. Nf3 Bg7 6. Be2 0-0 7. 0-0 Re8 8. cxd5 Nxd5 9. e4 Nxc3 10. bxc3 e5 11. d5 Ne7 12. Qb3 c5 13. Be3 b6 14. Ng5 Qd6 15. f4 f5 16. Kh1 h6 17. fxe5 Bxe5 18. Nf3 Kg7 19. Bb5 Rf8 20. Nxe5 Qxe5 21. Bf4 Qf6 22. e5 Qf7 23. e6 Qg8 24. Rfe1 g5 25. Bd6 Kf6 26. Rad1 Rd8 27. Bxe7+ Kxe7 28. Bc6 Rb8 29. Qa4 a6 30. c4 Rd6 31. Qc2 Qf8 32. Re5 1-0